[Event "Quebec op U1700"]
[Site "Montreal CAN"]
[Date "2016.07.23"]
[Round "1.64"]
[White "Frangakis, Evan"]
[Black "Varfalvy, Peter"]
[Result "0-1"]
[WhiteElo "1575"]
[BlackElo "1404"]
[PlyCount "90"]
[EventDate "2016.07.23"]
[EventType "swiss"]
[EventRounds "8"]
[EventCountry "CAN"]

1. d4 Nf6 2. Nf3 d5 3. c4 c6 4. Qc2 g6 5. Bf4 Bg7 6. e3 Bf5 7. Bd3 Bxd3 8. Qxd3
Nbd7 9. Nc3 O-O 10. O-O Re8 11. cxd5 Nxd5 12. Nxd5 cxd5 13. Qb5 Nb6 14. b3 Qd7
15. Qa5 e6 16. Rfc1 Rec8 17. h3 Rxc1+ 18. Rxc1 Rc8 19. Rxc8+ Nxc8 20. Qc5 Bf8
21. Ne5 Bxc5 22. Nxd7 Be7 23. Kf1 Nb6 24. Nc5 Bxc5 25. dxc5 Nd7 26. Bd6 f5 27.
b4 Kf7 28. b5 e5 29. c6 bxc6 30. bxc6 Nb6 31. Bb8 Nc8 32. Ke2 Ke6 33. Kd3 a6
34. Kc3 Ne7 35. Kb4 Nxc6+ 36. Kc5 Nxb8 37. Kb6 d4 38. Kb7 Nd7 39. exd4 exd4 40.
Kxa6 d3 41. Kb5 Kd5 42. a4 d2 43. a5 d1=Q 44. a6 Qb3+ 45. Ka5 Kc5 0-1

[Event "Quebec op U1700"]
[Site "Montreal CAN"]
[Date "2016.07.23"]
[Round "1.65"]
[White "Legault, Simon"]
[Black "Kuleshova, Julia"]
[Result "1-0"]
[WhiteElo "1399"]
[BlackElo "1553"]
[PlyCount "53"]
[EventDate "2016.07.23"]
[EventType "swiss"]
[EventRounds "8"]
[EventCountry "CAN"]

1. e4 c5 2. Nc3 Nc6 3. g3 g6 4. Bg2 Bg7 5. Nd5 e6 6. Ne3 Nge7 7. d3 O-O 8. f4
d5 9. e5 b5 10. Nf3 Bb7 11. O-O h5 12. Bh3 d4 13. Ng2 Qc7 14. Ng5 Rfd8 15. g4
hxg4 16. Qxg4 Nf5 17. Nh4 Nb4 18. Rf2 c4 19. a3 Nd5 20. Nxf5 gxf5 21. Qh4 Qc6
22. Rg2 Ne3 23. Bxe3 dxe3 24. Qh7+ Kf8 25. Nxf7 Ke7 26. Nxd8 Rxd8 27. Rxg7+ 1-0

[Event "Quebec op U1700"]
[Site "Montreal CAN"]
[Date "2016.07.23"]
[Round "1.66"]
[White "Raduica, Gheorghe"]
[Black "Zheng, Richard"]
[Result "0-1"]
[WhiteElo "1546"]
[BlackElo "1398"]
[PlyCount "62"]
[EventDate "2016.07.23"]
[EventType "swiss"]
[EventRounds "8"]
[EventCountry "CAN"]

1. e4 e5 2. Nf3 Nc6 3. c3 Nf6 4. d3 Be7 5. Be2 O-O 6. O-O d5 7. Qc2 Re8 8. Bg5
h6 9. Bxf6 Bxf6 10. Rd1 Bg4 11. h3 Bxf3 12. Bxf3 d4 13. Nd2 a5 14. a4 b6 15.
Nc4 Qe7 16. Rf1 Rad8 17. Rad1 Qc5 18. Qb3 Be7 19. Na3 dxc3 20. Rc1 Rxd3 21. Nb1
Nd4 22. Qa2 c2 23. Nc3 Bg5 24. Bh5 Rf8 25. Rxc2 Nxc2 26. Kh2 Nb4 27. Qb1 Rd2
28. Ne2 Nd3 29. Kg1 Nxf2 30. Rxf2 Be3 31. Qe1 Bxf2+ 0-1

[Event "Quebec op U1700"]
[Site "Montreal CAN"]
[Date "2016.07.23"]
[Round "1.67"]
[White "Chang, Alexander"]
[Black "Charette, Nicolas"]
[Result "0-1"]
[WhiteElo "1396"]
[BlackElo "1538"]
[PlyCount "98"]
[EventDate "2016.07.23"]
[EventType "swiss"]
[EventRounds "8"]
[EventCountry "CAN"]

1. e4 e5 2. Nf3 Nf6 3. Nc3 Nc6 4. Bb5 d6 5. O-O a6 6. Be2 Be7 7. d3 O-O 8. Bg5
h6 9. Bxf6 Bxf6 10. Nd5 Be6 11. Nxf6+ Qxf6 12. c3 Qg6 13. Kh1 f5 14. exf5 Qxf5
15. d4 e4 16. Ne1 d5 17. Nc2 Ne7 18. Ne3 Qg5 19. Bg4 Bxg4 20. Qxg4 Qxg4 21.
Nxg4 Ng6 22. g3 h5 23. Ne3 Ne7 24. Kg2 Rf3 25. Rae1 Raf8 26. Nc2 Nf5 27. Rd1 g6
28. Rfe1 a5 29. Ne3 c6 30. Nxf5 R8xf5 31. Re3 Kf7 32. Rxf3 Rxf3 33. Re1 g5 34.
Re3 g4 35. Rxf3+ gxf3+ 36. Kf1 Kf6 37. Ke1 a4 38. b3 axb3 39. axb3 b6 40. Kd1
Kg5 41. h3 c5 42. dxc5 bxc5 43. b4 d4 44. b5 e3 45. fxe3 f2 46. Ke2 dxc3 47. b6
c2 48. b7 f1=Q+ 49. Kxf1 c1=Q+ 0-1

[Event "Quebec op U1700"]
[Site "Montreal CAN"]
[Date "2016.07.23"]
[Round "1.68"]
[White "Kartobi, Youcef"]
[Black "Perreault, Jacques"]
[Result "1-0"]
[WhiteElo "1534"]
[BlackElo "1389"]
[PlyCount "119"]
[EventDate "2016.07.23"]
[EventType "swiss"]
[EventRounds "8"]
[EventCountry "CAN"]

1. d4 g6 2. c4 Bg7 3. Nf3 c5 4. Nc3 cxd4 5. Nxd4 Nc6 6. Nxc6 bxc6 7. e4 Qb6 8.
Bd3 Rb8 9. O-O h5 10. Qc2 e5 11. b3 h4 12. Be3 Qc7 13. Rfd1 Nf6 14. Bg5 d6 15.
h3 Rh5 16. Qd2 Nh7 17. Be3 g5 18. Be2 Rh6 19. Kh2 Qe7 20. Rac1 f5 21. exf5 Bxf5
22. Bg4 Bxg4 23. hxg4 e4 24. Bd4 Be5+ 25. Kh3 Bf4 26. Be3 Re6 27. Bxf4 gxf4 28.
Qxf4 Rf6 29. Qe3 Ng5+ 30. Qxg5 Rf3+ 31. Kxh4 Rxf2 32. Qxe7+ Kxe7 33. Kg3 Rbf8
34. Re1 Kd7 35. Rxe4 Rd2 36. Rce1 Rf7 37. R1e2 Rd3+ 38. R4e3 Rd4 39. Rf3 Rg7
40. Re4 Rd2 41. Ref4 Ke7 42. Rf5 Rd4 43. Re3+ Kd7 44. Kf3 Rdxg4 45. Rf7+ Kd8
46. Rxg7 Rxg7 47. g4 a6 48. Re4 Rf7+ 49. Ke2 Kd7 50. Nd1 a5 51. Nc3 Rh7 52. Rf4
Re7+ 53. Kf2 Rh7 54. Kg2 Re7 55. Rf5 Re3 56. Na4 Re2+ 57. Rf2 Re4 58. Kg3 Ke6
59. g5 Rd4 60. g6 1-0

[Event "Quebec op U1700"]
[Site "Montreal CAN"]
[Date "2016.07.23"]
[Round "1.69"]
[White "Langlois, Jean-Marie"]
[Black "Robillard, Jean-Philippe"]
[Result "0-1"]
[WhiteElo "1373"]
[BlackElo "1529"]
[PlyCount "42"]
[EventDate "2016.07.23"]
[EventType "swiss"]
[EventRounds "8"]
[EventCountry "CAN"]

1. d4 d5 2. Bf4 Nf6 3. h3 e6 4. Nf3 Bd6 5. Be5 c6 6. e3 b6 7. Bd3 Ba6 8. O-O
O-O 9. Bxa6 Nxa6 10. c4 dxc4 11. Qa4 Nb4 12. Bxd6 Qxd6 13. Ne5 b5 14. Qa3 Rfd8
15. Nc3 a6 16. Qa5 c5 17. Rfd1 cxd4 18. Rxd4 Nfd5 19. Nxd5 exd5 20. Rc1 f6 21.
Nf3 Nc6 0-1

[Event "Quebec op U1700"]
[Site "Montreal CAN"]
[Date "2016.07.23"]
[Round "1.70"]
[White "Grenier, Marcel"]
[Black "Omichi, Haruaki"]
[Result "0-1"]
[WhiteElo "1528"]
[BlackElo "1360"]
[PlyCount "68"]
[EventDate "2016.07.23"]
[EventType "swiss"]
[EventRounds "8"]
[EventCountry "CAN"]

1. e4 c5 2. Nf3 Nc6 3. d4 cxd4 4. Nxd4 g6 5. Nc3 Bg7 6. Be3 Nf6 7. f3 O-O 8.
Qd2 d6 9. O-O-O Bd7 10. Kb1 Rc8 11. Bh6 Bxh6 12. Qxh6 Nxd4 13. Rxd4 Qb6 14. Qd2
Rc7 15. Rc4 Rfc8 16. Rxc7 Rxc7 17. Nd5 Nxd5 18. exd5 Bf5 19. Bd3 Qd4 20. Rd1
Qxd5 21. Bxf5 Qxd2 22. Rxd2 gxf5 23. Rd5 Rc5 24. Rxc5 dxc5 25. Kc1 Kg7 26. Kd2
Kg6 27. h4 f4 28. Kd3 f5 29. a3 Kh5 30. Kc4 b6 31. Kd5 Kxh4 32. Ke5 Kg3 33.
Kxf5 h5 34. Kg5 Kxg2 0-1

[Event "Quebec op U1700"]
[Site "Montreal CAN"]
[Date "2016.07.23"]
[Round "1.71"]
[White "Bond, Yvon"]
[Black "Zhong, Kevin"]
[Result "1/2-1/2"]
[WhiteElo "1343"]
[BlackElo "1519"]
[PlyCount "125"]
[EventDate "2016.07.23"]
[EventType "swiss"]
[EventRounds "8"]
[EventCountry "CAN"]

1. d4 d5 2. Nf3 Nf6 3. e3 e6 4. Bd3 c5 5. c3 Nc6 6. Nbd2 Be7 7. O-O O-O 8. Re1
c4 9. Bc2 b5 10. e4 b4 11. Qe2 Re8 12. e5 Nd7 13. Nf1 f6 14. exf6 Nxf6 15. Ng3
bxc3 16. bxc3 Bd6 17. Bg5 e5 18. Ba4 Qc7 19. Bxc6 Qxc6 20. Nxe5 Qc7 21. f4 Rb8
22. Qc2 Be6 23. Re2 Ba3 24. Rae1 Qd6 25. Qa4 Bb2 26. Qc2 Qa6 27. f5 Bc8 28. Rb1
Qxa2 29. Rxb2 Qa1+ 30. Kf2 Ng4+ 31. Kf3 Nxh2+ 32. Kf4 Rxb2 33. Qxb2 Qxb2 34.
Rxb2 h6 35. Bh4 g5+ 36. fxg6 Rf8+ 37. Ke3 Ng4+ 38. Kd2 Nxe5 39. dxe5 Rf2+ 40.
Kc1 Rxb2 41. Kxb2 Kg7 42. Ne2 Kxg6 43. g3 Kf5 44. Bf6 Kg4 45. Bh4 Kf5 46. Nd4+
Kxe5 47. Nc6+ Ke4 48. Nxa7 Bg4 49. Nb5 h5 50. Kc2 Ke3 51. Nd4 Bh3 52. Nc6 Bf5+
53. Kb2 Kd2 54. Bf6 Be4 55. Ne5 Bf5 56. Nf3+ Kd3 57. Nd4 Bg4 58. Be5 Ke4 59.
Bc7 Bd1 60. Bb6 Bg4 61. Nc6 Bd1 62. Bd4 Kf3 63. Be5 1/2-1/2

[Event "Quebec op U1700"]
[Site "Montreal CAN"]
[Date "2016.07.23"]
[Round "1.72"]
[White "Duplessis, Claude"]
[Black "Pellerin-Leclerc, Jonathan"]
[Result "1-0"]
[WhiteElo "1516"]
[BlackElo "1339"]
[PlyCount "43"]
[EventDate "2016.07.23"]
[EventType "swiss"]
[EventRounds "8"]
[EventCountry "CAN"]

1. e4 c5 2. Nc3 d6 3. d3 g6 4. g3 Bg7 5. Bg2 Nc6 6. Be3 Bd7 7. Nge2 Nf6 8. Qd2
a6 9. O-O O-O 10. Bh6 b5 11. Bxg7 Kxg7 12. f4 e6 13. f5 e5 14. g4 b4 15. g5
bxc3 16. gxf6+ Kh8 17. Nxc3 Qxf6 18. Nd5 Qd8 19. Qh6 Rg8 20. f6 Be6 21. Rf3
Bxd5 22. Rh3 1-0

[Event "Quebec op U1700"]
[Site "Montreal CAN"]
[Date "2016.07.23"]
[Round "1.73"]
[White "Wang, Isabelle"]
[Black "Shahabi, Shahab"]
[Result "0-1"]
[WhiteElo "1335"]
[BlackElo "1516"]
[PlyCount "86"]
[EventDate "2016.07.23"]
[EventType "swiss"]
[EventRounds "8"]
[EventCountry "CAN"]

1. e4 c5 2. Nf3 d6 3. d4 cxd4 4. Nxd4 Nf6 5. Nc3 a6 6. Bg5 e6 7. f4 Be7 8. Qf3
O-O 9. O-O-O Nfd7 10. Bxe7 Qxe7 11. g4 b5 12. e5 d5 13. h4 Bb7 14. g5 Nc6 15.
Nce2 Rac8 16. Nxc6 Rxc6 17. Nd4 Rc7 18. h5 Kh8 19. Bd3 Bc8 20. g6 fxg6 21. Bxg6
Nxe5 22. Qg3 Nxg6 23. hxg6 h6 24. Rde1 Rc4 25. Nb3 Rcxf4 26. Qc3 Qf6 27. Qg3 e5
28. Rh2 Rf1 29. Rhe2 Rxe1+ 30. Rxe1 e4 31. c3 Qf4+ 32. Qxf4 Rxf4 33. Rg1 Kg8
34. Nd4 Kf8 35. Kc2 Bd7 36. b4 Ke7 37. Rg2 Kd6 38. a3 Rg4 39. Rxg4 Bxg4 40. Kd2
Bd7 41. Ke3 Ke5 42. Ne2 Be6 43. Nf4 Kf5 0-1

[Event "Quebec op U1700"]
[Site "Montreal CAN"]
[Date "2016.07.23"]
[Round "1.74"]
[White "Sonn, Eric"]
[Black "Page, Dany"]
[Result "1/2-1/2"]
[WhiteElo "1506"]
[BlackElo "1291"]
[PlyCount "112"]
[EventDate "2016.07.23"]
[EventType "swiss"]
[EventRounds "8"]
[EventCountry "CAN"]

1. e4 c5 2. Nf3 d6 3. d4 cxd4 4. Nxd4 Nf6 5. Nc3 a6 6. f3 e6 7. Be3 b5 8. a3
Bb7 9. Qd2 Nfd7 10. Bd3 Nb6 11. O-O N8d7 12. Rae1 Ne5 13. b3 Nxd3 14. Qxd3 Be7
15. f4 O-O 16. Rf3 d5 17. Rh3 dxe4 18. Nxe4 g6 19. Bc1 Qd5 20. Nf3 Qxd3 21.
cxd3 Bxe4 22. dxe4 Rac8 23. f5 Rc3 24. fxg6 fxg6 25. Ng5 Rxh3 26. Nxh3 Rc8 27.
Be3 Bc5 28. Ng5 e5 29. Nf3 Nd7 30. Bxc5 Rxc5 31. Rd1 Rc7 32. b4 h6 33. Rd5 Nf6
34. Rxe5 Ng4 35. Rc5 Re7 36. e5 Kf7 37. Kf1 Ne3+ 38. Ke2 Nc4 39. Kd3 Nxa3 40.
Ke4 Nc4 41. Kd5 Ne3+ 42. Kc6 Nc4 43. Rd5 g5 44. h3 Kg6 45. g4 Kf7 46. Rd7 Ne3
47. Rxe7+ Kxe7 48. Nd4 Ng2 49. Kb6 Nf4 50. Kxa6 Nxh3 51. Kxb5 Nf4 52. Kc6 Nd3
53. Nf5+ Ke6 54. b5 Nxe5+ 55. Kc7 Nxg4 56. Ng3 Ne5 1/2-1/2

[Event "Quebec op U1700"]
[Site "Montreal CAN"]
[Date "2016.07.24"]
[Round "2.1"]
[White "Robillard, Jean-Philippe"]
[Black "Tsanaclis, Albert"]
[Result "1-0"]
[WhiteElo "1529"]
[BlackElo "1692"]
[PlyCount "71"]
[EventDate "2016.07.23"]
[EventType "swiss"]
[EventRounds "8"]
[EventCountry "CAN"]

1. d4 d5 2. c4 c6 3. Nc3 Nf6 4. Nf3 dxc4 5. g3 Bf5 6. Bg2 e6 7. O-O Bb4 8. Ne5
Bxc3 9. bxc3 O-O 10. Ba3 Re8 11. Nxc4 Qc7 12. Bd6 Qd7 13. Be5 Ne4 14. Bxe4 Bxe4
15. Nd6 f6 16. Nxe4 fxe5 17. dxe5 Qe7 18. Nd6 Rd8 19. Qb3 b6 20. Qc4 Nd7 21. f4
Nc5 22. Rad1 Kh8 23. Rd4 Rf8 24. Rfd1 g5 25. e3 gxf4 26. exf4 Rg8 27. Qe2 Rg6
28. Qf3 Rag8 29. Qxc6 h5 30. Qf3 Qh7 31. f5 exf5 32. Qxf5 h4 33. Nf7+ Kg7 34.
Ng5 Rxg5 35. Qxg5+ Kh8 36. Qf6+ 1-0

[Event "Quebec op U1700"]
[Site "Montreal CAN"]
[Date "2016.07.24"]
[Round "2.2"]
[White "Shahabi, Shahab"]
[Black "Piche, Guy"]
[Result "0-1"]
[WhiteElo "1516"]
[BlackElo "1649"]
[PlyCount "54"]
[EventDate "2016.07.23"]
[EventType "swiss"]
[EventRounds "8"]
[EventCountry "CAN"]

1. e4 d6 2. Nc3 Nf6 3. d4 Nbd7 4. Be3 e5 5. Bc4 Be7 6. Nge2 c6 7. Bb3 Qc7 8.
Ng3 exd4 9. Qxd4 Ne5 10. h3 Bd7 11. Qd2 a6 12. O-O-O Be6 13. Nf5 Bxf5 14. exf5
d5 15. Rhe1 O-O 16. Bf4 Bd6 17. g4 Nf3 18. Bxd6 Qxd6 19. Qd3 Nxe1 20. Rxe1 Rfe8
21. Kd1 Rxe1+ 22. Kxe1 Re8+ 23. Kd1 Qe5 24. Qf1 Qf4 25. Ne2 Qf3 26. c3 Ne4 27.
Bc2 Ng3 0-1

[Event "Quebec op U1700"]
[Site "Montreal CAN"]
[Date "2016.07.24"]
[Round "2.3"]
[White "Yu, Daniel-Tianqi"]
[Black "Kartobi, Youcef"]
[Result "0-1"]
[WhiteElo "1639"]
[BlackElo "1534"]
[PlyCount "82"]
[EventDate "2016.07.23"]
[EventType "swiss"]
[EventRounds "8"]
[EventCountry "CAN"]

1. e4 c6 2. d4 d5 3. exd5 cxd5 4. Bd3 Nc6 5. c3 Qc7 6. Be3 g6 7. Nd2 e5 8. Bb5
Bg7 9. Ngf3 e4 10. Ne5 Nge7 11. Nxc6 Nxc6 12. Rc1 O-O 13. c4 Nxd4 14. O-O Nxb5
15. cxb5 Qe5 16. f3 d4 17. Nc4 Qxb5 18. Nd6 Qb6 19. Bf4 e3 20. Kh1 Be6 21. b3
Qa6 22. Re1 Qxa2 23. Bg5 Kh8 24. Be7 Rg8 25. Rb1 Qa6 26. f4 h6 27. f5 Bxf5 28.
Nxf7+ Kh7 29. Nd6 e2 30. Qd2 Bxb1 31. Rxb1 d3 32. b4 h5 33. b5 Qa3 34. Nf5 Qc3
35. Qe3 gxf5 36. Qf2 Qe5 37. Qh4 f4 38. Bg5 Bh6 39. Bf6 Qe4 40. Rg1 d2 41. Qxh5
Qxg2+ 0-1

[Event "Quebec op U1700"]
[Site "Montreal CAN"]
[Date "2016.07.24"]
[Round "2.4"]
[White "Houle, Sebastien"]
[Black "Cloutier, Jean-Pierre"]
[Result "1-0"]
[WhiteElo "1492"]
[BlackElo "1637"]
[PlyCount "105"]
[EventDate "2016.07.23"]
[EventType "swiss"]
[EventRounds "8"]
[EventCountry "CAN"]

1. e4 e6 2. d4 d5 3. Nd2 c5 4. exd5 exd5 5. Ngf3 Nc6 6. Bb5 a6 7. Bxc6+ bxc6 8.
O-O Be6 9. Nb3 c4 10. Nc5 Bxc5 11. dxc5 Ne7 12. Nd4 O-O 13. Re1 Bd7 14. g4 Ng6
15. f4 Re8 16. f5 Rxe1+ 17. Qxe1 Nf8 18. Bf4 Qf6 19. Qf2 Re8 20. b4 Re4 21. c3
g5 22. Bd6 Rxg4+ 23. Kh1 Re4 24. Rf1 h6 25. Qc2 Qd8 26. Qd1 Qe8 27. Qh5 Rh4 28.
Qf3 Qe4 29. a4 Qxf3+ 30. Rxf3 Re4 31. b5 Re1+ 32. Kg2 axb5 33. axb5 cxb5 34. c6
Bc8 35. Nxb5 Ra1 36. Nc7 Rd1 37. Re3 Rd2+ 38. Kg1 Bxf5 39. Re8 d4 40. Bxf8 d3
41. Bxh6+ Kh7 42. Bxg5 Rd1+ 43. Kf2 Kg6 44. Bf4 Bh3 45. Kg3 Bf5 46. Rd8 Be4 47.
Nd5 Rg1+ 48. Kf2 Rg2+ 49. Ke1 Re2+ 50. Kf1 Kf5 51. c7 Bxd5 52. c8=Q+ Be6 53.
Qc7 1-0

[Event "Quebec op U1700"]
[Site "Montreal CAN"]
[Date "2016.07.24"]
[Round "2.5"]
[White "Plante, Marc-Eric"]
[Black "Duplessis, Claude"]
[Result "1-0"]
[WhiteElo "1633"]
[BlackElo "1516"]
[PlyCount "99"]
[EventDate "2016.07.23"]
[EventType "swiss"]
[EventRounds "8"]
[EventCountry "CAN"]

1. e4 e5 2. Nf3 Nc6 3. Bb5 a6 4. Bxc6 dxc6 5. Nc3 Qd6 6. d4 f6 7. dxe5 fxe5 8.
Be3 Nf6 9. h3 Be7 10. Qd2 Be6 11. O-O-O O-O-O 12. Qe2 Qb4 13. a3 Qc4 14. Qxc4
Bxc4 15. Nxe5 Be6 16. f3 Bd6 17. Nd3 Nd7 18. Bg5 Rdf8 19. Ne2 h6 20. Be3 g5 21.
Nd4 Bc4 22. Nf5 Rh7 23. Nxd6+ cxd6 24. b3 Be6 25. Nf2 Kc7 26. Rd2 Ne5 27. Bd4
Ng6 28. Rhd1 d5 29. exd5 Bxd5 30. c4 Bg8 31. Bc5 Rf5 32. Ne4 Nf4 33. Bd6+ Kb6
34. c5+ Ka7 35. Kb2 Nd5 36. Nc3 Nxc3 37. Kxc3 Bd5 38. Re1 Rh8 39. Bc7 Rff8 40.
Bb6+ Kb8 41. Re7 Re8 42. Rde2 Rxe7 43. Rxe7 Kc8 44. b4 Rf8 45. Rc7+ Kd8 46.
Rxc6+ Ke7 47. Rxh6 Rf4 48. Rd6 Bxf3 49. gxf3 Rxf3+ 50. Rd3 1-0

[Event "Quebec op U1700"]
[Site "Montreal CAN"]
[Date "2016.07.24"]
[Round "2.6"]
[White "Varfalvy, Peter"]
[Black "Tremblay, Mario"]
[Result "1-0"]
[WhiteElo "1404"]
[BlackElo "1631"]
[PlyCount "71"]
[EventDate "2016.07.23"]
[EventType "swiss"]
[EventRounds "8"]
[EventCountry "CAN"]

1. d4 d5 2. Nf3 c5 3. c3 cxd4 4. cxd4 Nc6 5. e3 Bg4 6. Be2 Nf6 7. Nc3 e6 8. O-O
Bd6 9. h3 Bh5 10. Ne5 Bxe2 11. Nxc6 bxc6 12. Qxe2 Bc7 13. e4 dxe4 14. Nxe4 Qxd4
15. Nxf6+ Qxf6 16. Rb1 O-O 17. b3 Qe5 18. Qxe5 Bxe5 19. Be3 a5 20. Rfc1 Rfc8
21. Rc4 Ra6 22. g3 g6 23. Rd1 Kg7 24. f4 Bf6 25. Rd7 Rd8 26. Rc7 Rd1+ 27. Kg2
Ra1 28. Ra4 Bc3 29. Ra7 Rxa7 30. Bxa7 Rd1 31. Rc4 Rd2+ 32. Kf3 Rd3+ 33. Kf2 e5
34. Be3 exf4 35. Bxf4 c5 36. Rxc3 1-0

[Event "Quebec op U1700"]
[Site "Montreal CAN"]
[Date "2016.07.24"]
[Round "2.7"]
[White "Blanchette, Rene"]
[Black "Yu, Xi Ming"]
[Result "1-0"]
[WhiteElo "1610"]
[BlackElo "1492"]
[PlyCount "59"]
[EventDate "2016.07.23"]
[EventType "swiss"]
[EventRounds "8"]
[EventCountry "CAN"]

1. e4 c5 2. Nf3 e6 3. d4 cxd4 4. Nxd4 a6 5. Bd3 Qc7 6. O-O Nf6 7. c4 Nc6 8.
Nxc6 bxc6 9. Nc3 Be7 10. Qe2 e5 11. Be3 d6 12. h3 h6 13. Rac1 g5 14. c5 d5 15.
exd5 cxd5 16. Na4 e4 17. Bb1 Rb8 18. Nb6 Be6 19. Rfd1 g4 20. Qd2 gxh3 21. Bf4
Qb7 22. Qc3 d4 23. Qxd4 Rd8 24. Qa4+ Kf8 25. Rxd8+ Bxd8 26. Qd4 Bxb6 27. Qxf6
Rg8 28. Bd6+ Ke8 29. Bxe4 Qd7 30. Bc6 1-0

[Event "Quebec op U1700"]
[Site "Montreal CAN"]
[Date "2016.07.24"]
[Round "2.8"]
[White "Zheng, Richard"]
[Black "Milosz, Jerzy"]
[Result "0-1"]
[WhiteElo "1398"]
[BlackElo "1590"]
[PlyCount "96"]
[EventDate "2016.07.23"]
[EventType "swiss"]
[EventRounds "8"]
[EventCountry "CAN"]

1. e4 c6 2. d4 d5 3. exd5 cxd5 4. c4 Nf6 5. Nc3 e6 6. Nf3 Nc6 7. Bg5 Be7 8. Be2
h6 9. Bh4 dxc4 10. Bxc4 Nd5 11. Bxe7 Qxe7 12. O-O Nxc3 13. bxc3 O-O 14. Re1 Qc7
15. Bb3 Na5 16. Qd3 Nxb3 17. axb3 Bd7 18. c4 a6 19. Re5 Rac8 20. c5 Bc6 21. Nd2
Bd5 22. Nc4 Bxc4 23. Qxc4 Rcd8 24. b4 Qc6 25. Rae1 Rd5 26. Rxd5 exd5 27. Qc3
Re8 28. h3 Rxe1+ 29. Qxe1 Qe6 30. Qxe6 fxe6 31. Kf1 Kf7 32. Ke2 Kf6 33. f4 h5
34. Kf3 g6 35. g4 hxg4+ 36. hxg4 Kf7 37. Kg3 Kg7 38. Kf2 Kf6 39. Ke3 Kf7 40.
Kd3 Kf6 41. Ke3 Kf7 42. Kf2 Kf6 43. Kg3 Kg7 44. Kf3 Kf6 45. g5+ Kf5 46. Kg3 Ke4
47. Kg4 Kxd4 48. f5 exf5+ 0-1

[Event "Quebec op U1700"]
[Site "Montreal CAN"]
[Date "2016.07.24"]
[Round "2.9"]
[White "Morin, Maxime"]
[Black "Legault, Simon"]
[Result "1-0"]
[WhiteElo "1583"]
[BlackElo "1399"]
[PlyCount "81"]
[EventDate "2016.07.23"]
[EventType "swiss"]
[EventRounds "8"]
[EventCountry "CAN"]

1. e4 c5 2. Nf3 d6 3. Bb5+ Nd7 4. O-O e5 5. c3 Ngf6 6. Re1 a6 7. Ba4 b5 8. Bc2
c4 9. b3 Nc5 10. bxc4 bxc4 11. Qe2 a5 12. Qxc4 Qd7 13. Qe2 Ba6 14. Qd1 Bd3 15.
Bxd3 Nxd3 16. Re3 Nf4 17. d4 exd4 18. cxd4 Be7 19. e5 N6d5 20. exd6 Qxd6 21.
Ba3 Qg6 22. Qa4+ Kf8 23. Bxe7+ Nxe7 24. g3 h5 25. Ne5 Nh3+ 26. Kg2 Qf5 27. Rf3
Qe4 28. Nc3 Qh7 29. Nxf7 Kg8 30. Nxh8 h4 31. Qd7 Kxh8 32. Qxh3 Ng6 33. Ne4 Qg8
34. Rf5 Qc4 35. Qg4 Qxd4 36. Rh5+ Kg8 37. Qe6+ Kf8 38. Rf5+ Qf6 39. Rxf6+ gxf6
40. Qxf6+ Kg8 41. Qxg6+ 1-0

[Event "Quebec op U1700"]
[Site "Montreal CAN"]
[Date "2016.07.24"]
[Round "2.10"]
[White "Charette, Nicolas"]
[Black "Omichi, Haruaki"]
[Result "0-1"]
[WhiteElo "1538"]
[BlackElo "1360"]
[PlyCount "88"]
[EventDate "2016.07.23"]
[EventType "swiss"]
[EventRounds "8"]
[EventCountry "CAN"]

1. d4 d5 2. c4 dxc4 3. Nc3 e5 4. d5 Nf6 5. Bg5 c6 6. Bxf6 Qxf6 7. e4 Bc5 8. Qf3
Qg6 9. Bxc4 O-O 10. h3 Kh8 11. O-O-O f5 12. Qg3 Qxg3 13. fxg3 fxe4 14. Nxe4
Be3+ 15. Nd2 Rd8 16. Ngf3 cxd5 17. Nxe5 Be6 18. Bb3 Nd7 19. Nxd7 Rxd7 20. g4
Bf7 21. Kb1 Bg6+ 22. Ka1 a5 23. Nf3 a4 24. Bc4 Be4 25. Bd3 Rad8 26. Bxe4 dxe4
27. Rxd7 Rxd7 28. Ne5 Re7 29. Re1 Rxe5 30. Rxe3 Kg8 31. b3 axb3 32. axb3 Kf7
33. Kb2 Ke6 34. Kc3 Kd5 35. h4 Re8 36. Kd2 Kd4 37. g5 Rf8 38. Ke2 Ra8 39. Rh3
Ra2+ 40. Kf1 e3 41. g4 Kd3 42. h5 Ra1+ 43. Kg2 Kd2 44. g6 hxg6 0-1

[Event "Quebec op U1700"]
[Site "Montreal CAN"]
[Date "2016.07.24"]
[Round "2.11"]
[White "Lesage, Philippe"]
[Black "Richard, Leo"]
[Result "1-0"]
[WhiteElo "1689"]
[BlackElo "1475"]
[PlyCount "53"]
[EventDate "2016.07.23"]
[EventType "swiss"]
[EventRounds "8"]
[EventCountry "CAN"]

1. Nf3 Nf6 2. c4 e6 3. g3 d5 4. Bg2 Be7 5. O-O O-O 6. d4 c5 7. cxd5 exd5 8. b3
b6 9. Bb2 Bb7 10. Nc3 Nc6 11. Rc1 Nb4 12. a3 Na6 13. Nb5 Bc6 14. Qd3 Qe8 15.
Nc3 Nc7 16. Ne5 Bd6 17. Nxc6 Qxc6 18. dxc5 bxc5 19. e4 Be5 20. exd5 Qd7 21. Na4
Bxb2 22. Nxb2 Rad8 23. Rxc5 Ncxd5 24. Bxd5 Nxd5 25. Rd1 Nb6 26. Qxd7 Nxd7 27.
Rcd5 1-0

[Event "Quebec op U1700"]
[Site "Montreal CAN"]
[Date "2016.07.24"]
[Round "2.12"]
[White "Turgeon, Yoakim"]
[Black "Bureau, Robert"]
[Result "1-0"]
[WhiteElo "1675"]
[BlackElo "1445"]
[PlyCount "71"]
[EventDate "2016.07.23"]
[EventType "swiss"]
[EventRounds "8"]
[EventCountry "CAN"]

1. d4 Nf6 2. e3 d5 3. Bd3 e6 4. f4 c5 5. c3 Nc6 6. Nf3 Be7 7. O-O O-O 8. Ne5 c4
9. Bc2 Ne4 10. Bxe4 dxe4 11. Nxc4 f5 12. Ne5 Rf6 13. c4 Qe8 14. Nc3 b6 15. Nb5
Bb7 16. Nc7 Qc8 17. Nxa8 Bxa8 18. Nxc6 Qxc6 19. b3 Rg6 20. Qd2 Qe8 21. Bb2 Bf6
22. Rac1 Rh6 23. Qe2 Qg6 24. c5 Qe8 25. cxb6 axb6 26. Qa6 Bc6 27. Qxb6 Bb5 28.
Rf2 Bd8 29. Qb8 Ba6 30. Qa8 e5 31. fxe5 Rb6 32. Qd5+ Kh8 33. Rxf5 Bb7 34. Qc5
Kg8 35. Rcf1 Rc6 36. Rf8+ 1-0

[Event "Quebec op U1700"]
[Site "Montreal CAN"]
[Date "2016.07.24"]
[Round "2.13"]
[White "Page, Dany"]
[Black "Lima-Barbosa, Raphael"]
[Result "1/2-1/2"]
[WhiteElo "1291"]
[BlackElo "1663"]
[PlyCount "65"]
[EventDate "2016.07.23"]
[EventType "swiss"]
[EventRounds "8"]
[EventCountry "CAN"]

1. d4 Nf6 2. Nf3 e6 3. c4 d5 4. g3 c6 5. cxd5 cxd5 6. Bg2 Nc6 7. Nc3 Bb4 8. Bg5
h6 9. Bxf6 gxf6 10. O-O Bd7 11. a3 Bxc3 12. bxc3 Na5 13. Nd2 Bb5 14. Re1 f5 15.
Qb1 Qd7 16. Qb4 b6 17. Rac1 Rc8 18. f4 Nc4 19. Nxc4 Rxc4 20. Qb2 Rc7 21. Qb4
Bc4 22. a4 Qe7 23. Qxe7+ Kxe7 24. Ra1 Rb8 25. Bf1 a6 26. Rec1 b5 27. a5 Bb3 28.
Ra3 Ba4 29. e3 Rbc8 30. Kf2 Kd6 31. Ke1 f6 32. Bd3 h5 33. h4 1/2-1/2

[Event "Quebec op U1700"]
[Site "Montreal CAN"]
[Date "2016.07.24"]
[Round "2.14"]
[White "Perusse, Jacques"]
[Black "Bond, Yvon"]
[Result "1-0"]
[WhiteElo "1522"]
[BlackElo "1343"]
[PlyCount "107"]
[EventDate "2016.07.23"]
[EventType "swiss"]
[EventRounds "8"]
[EventCountry "CAN"]

1. c4 Nf6 2. Nc3 e5 3. g3 Be7 4. Bg2 c6 5. Nf3 d6 6. e4 Bg4 7. d4 Nbd7 8. O-O
O-O 9. Be3 Qc7 10. Qb3 a6 11. Rac1 Rad8 12. Nd2 exd4 13. Bxd4 Be6 14. Qd1 Ne5
15. Qe2 c5 16. Be3 Nc6 17. Nd5 Qd7 18. Nb3 Bh3 19. Bg5 Bxg2 20. Nxe7+ Qxe7 21.
Kxg2 Rfe8 22. f3 Qe6 23. a4 Rd7 24. Rfe1 h6 25. Be3 Qe5 26. Bf4 Qe6 27. Rcd1
Ne5 28. Nd2 Ng6 29. Be3 Nh5 30. f4 Nhxf4+ 31. gxf4 f5 32. Qh5 Qf7 33. Kh1 Rde7
34. Rg1 Nf8 35. Qxh6 fxe4 36. Qxd6 Ne6 37. Nb3 Rd8 38. Qe5 Rxd1 39. Rxd1 Nf8
40. Qxc5 Ne6 41. Qd5 Kh7 42. Qxe4+ Kg8 43. f5 Nf8 44. Qf4 Qh5 45. Rg1 Qe2 46.
Bd2 Re4 47. Qg3 Re7 48. Bc3 Qe4+ 49. Qg2 Qxc4 50. Nd4 Qc7 51. Qd5+ Kh8 52. f6
Rf7 53. fxg7+ Rxg7 54. Nf5 1-0